| 000 | 00548nam a2200193 i 4500 | ||
|---|---|---|---|
| 001 | 96639 | ||
| 003 | ES-MaACL | ||
| 005 | 20230906181942.0 | ||
| 007 | t| | ||
| 008 | 050629s1962 sp ||||1| cat d | ||
| 100 | 1 |
_aMaluquer, Concepció G. _975874 |
|
| 245 | 1 | 0 |
_aParéntesi / _cConcepció G. Maluquer. |
| 260 |
_aBarcelona : _bAlberti, _c1962. |
||
| 300 |
_a154 p. ; _c16 cm. |
||
| 490 | 1 |
_aNova col-lecció lletres ; _v47 |
|
| 830 | 0 |
_aNova col-lecció lletres ; _v47 _9181916 |
|
| 852 |
_aES-MaACL _jC-22304 _bR.50889 |
||
| 999 |
_c96639 _d96639 |
||